000 00521nam a2200157Ia 4500
008 190920s9999 xx 000 0 und d
020 _a978-1-4080-6663-8
100 _aShone, Anton
245 _cShone, Anton; Parry, Bry.--
_aSuccessful event management :
_ba practical handbook /
250 _a4th ed.
260 _aUK :
_bCengage Learning EMEA
_c2013
300 _a334 pages :
_bcolored illustrations
500 _aIncludes glossary and index.
650 _aEvent--Marketing
650 _aSpecial events -- Management.
999 _c362139
_d362139